skbl

Dr Suryya Kumar Bhuyan Library Web-OPAC
ডঃ সূৰ্য্য
কুমাৰ ভূঞা পুথিভঁৰাল ৱেব-অ'পেক

All Research Scholars are advised to clear the annual library fees to continue using Library Resources, Remote Access, Plagiarism Test and Library Clearance.

Cotton University Book Fair 2026

Modern theatre (Record no. 65973)

MARC details
000 -LEADER
fixed length control field 00491nam a2200181Ia 4500
001 - CONTROL NUMBER
control field 64873
008 - FIXED-LENGTH DATA ELEMENTS--GENERAL INFORMATION
fixed length control field 211030n2018 ii |||gr||||Z||||||465
020 ## - INTERNATIONAL STANDARD BOOK NUMBER
International Standard Book Number 9788193605530
082 ## - DEWEY DECIMAL CLASSIFICATION NUMBER
Classification number 808.82
100 ## - MAIN ENTRY--PERSONAL NAME
Personal name Choudhury, Bibhash,
Relator term Editor.
245 #0 - TITLE STATEMENT
Title Modern theatre
Remainder of title statements and texts
Medium Textual Documents
260 ## - PUBLICATION, DISTRIBUTION, ETC.
Place of publication, distribution, etc. Gauhati
Name of publisher, distributor, etc. Papyrus; Books & beyond
Date of publication, distribution, etc. 2018
300 ## - PHYSICAL DESCRIPTION
Extent 352 p.:
Dimensions 17 cm.
653 ## - INDEX TERM--UNCONTROLLED
Uncontrolled term Literature
653 ## - INDEX TERM--UNCONTROLLED
Uncontrolled term Theatre
653 ## - INDEX TERM--UNCONTROLLED
Uncontrolled term English literature
942 ## - ADDED ENTRY ELEMENTS (KOHA)
Source of classification or shelving scheme Dewey Decimal Classification
Koha item type Books
Holdings
Withdrawn status Lost status Damaged status Not for loan Collection Home library Current library Date acquired Source of acquisition Coded location qualifier Total checkouts Full call number Barcode Date last seen Copy number Price effective from Koha item type Public note
          Dr. Suryya Kumar Bhuyan Library Dr. Suryya Kumar Bhuyan Library 30/10/2021 34 00000   808.82 C458M 3219/CU/ENG 14/01/2024 1 30/10/2021 Books 34

Designed and Maintained by Team SKBL
©1901-2026

Powered by Koha